<?xml version="1.0" encoding="UTF-8"?>
<collection xmlns="http://www.loc.gov/MARC21/slim">
  <record>
    <leader>00000nam  2200000   4500</leader>
    <controlfield tag="001">INLIS000000000810252</controlfield>
    <controlfield tag="005">20251120013428</controlfield>
    <datafield tag="035" ind1="#" ind2="#">
      <subfield code="a">0010-1125000106</subfield>
    </datafield>
    <controlfield tag="007">ta</controlfield>
    <controlfield tag="008">251120###########################0######</controlfield>
    <datafield tag="020" ind1="#" ind2="#">
      <subfield code="a">9789799662842</subfield>
    </datafield>
    <datafield tag="082" ind1="#" ind2="#">
      <subfield code="a">297.3</subfield>
    </datafield>
    <datafield tag="084" ind1="#" ind2="#">
      <subfield code="a">297.3 YAZ p</subfield>
    </datafield>
    <datafield tag="245" ind1="#" ind2="#">
      <subfield code="a">Prinsip Dasar Islam :</subfield>
      <subfield code="b">Menurut Al Qur an dan Sunnah /</subfield>
      <subfield code="c">Yazid bin Abdul Qadir Jawaz</subfield>
    </datafield>
    <datafield tag="250" ind1="#" ind2="#">
      <subfield code="a">Cet. 23</subfield>
    </datafield>
    <datafield tag="260" ind1="#" ind2="#">
      <subfield code="a">Bogor :</subfield>
      <subfield code="b">Pustaka At-Taqwa,</subfield>
      <subfield code="c">2019</subfield>
    </datafield>
    <datafield tag="300" ind1="#" ind2="#">
      <subfield code="a">282 hlm ;</subfield>
      <subfield code="c">16 cm</subfield>
    </datafield>
  </record>
</collection>
